<?xml version="1.0" encoding="UTF-8"?><?xml-stylesheet type="text/xsl" href="static/style.xsl"?><OAI-PMH xmlns="http://www.openarchives.org/OAI/2.0/" xmlns:xsi="http://www.w3.org/2001/XMLSchema-instance" xsi:schemaLocation="http://www.openarchives.org/OAI/2.0/ http://www.openarchives.org/OAI/2.0/OAI-PMH.xsd"><responseDate>2026-06-07T13:54:39Z</responseDate><request verb="GetRecord" identifier="oai:docta.ucm.es:20.500.14352/45665" metadataPrefix="marc">https://docta.ucm.es/rest/oai/request</request><GetRecord><record><header><identifier>oai:docta.ucm.es:20.500.14352/45665</identifier><datestamp>2024-02-21T16:32:25Z</datestamp><setSpec>com_20.500.14352_14</setSpec><setSpec>col_20.500.14352_21</setSpec></header><metadata><record xmlns="http://www.loc.gov/MARC21/slim" xmlns:dcterms="http://purl.org/dc/terms/" xmlns:xsi="http://www.w3.org/2001/XMLSchema-instance" xmlns:doc="http://www.lyncode.com/xoai" xsi:schemaLocation="http://www.loc.gov/MARC21/slim http://www.loc.gov/standards/marcxml/schema/MARC21slim.xsd">
   <leader>00925njm 22002777a 4500</leader>
   <datafield ind2=" " ind1=" " tag="042">
      <subfield code="a">dc</subfield>
   </datafield>
   <datafield ind2=" " ind1=" " tag="720">
      <subfield code="a">Ramos Feijóo, Clarisa</subfield>
      <subfield code="e">author</subfield>
   </datafield>
   <datafield ind2=" " ind1=" " tag="720">
      <subfield code="a">Ariño Altuna, Miren</subfield>
      <subfield code="e">author</subfield>
   </datafield>
   <datafield ind2=" " ind1=" " tag="720">
      <subfield code="a">Garcia Sanpedro, Mª Jose</subfield>
      <subfield code="e">author</subfield>
   </datafield>
   <datafield ind2=" " ind1=" " tag="720">
      <subfield code="a">Lorenzo Garcia, Josefa</subfield>
      <subfield code="e">author</subfield>
   </datafield>
   <datafield ind2=" " ind1=" " tag="720">
      <subfield code="a">Munuera Gómez, María Del Pilar</subfield>
      <subfield code="e">author</subfield>
   </datafield>
   <datafield ind2=" " ind1=" " tag="260">
      <subfield code="c">2013</subfield>
   </datafield>
   <datafield ind2=" " ind1=" " tag="520">
      <subfield code="a">La red INTERUNIVERSITARIA PARA LA DIDÁCTICA EN TRABAJO SOCIAL (MODALIDAD I) acumula una experiencia como grupo, de tres cursos académicos, a lo largo de los cuales ha podido recoger una serie de datos sobre la incorporación de las competencias a las titulaciones de grado. En los objetivos formulados para el curso 2011-2012, se planteó por un lado, la explotación y comparación de los datos obtenidos en los cursos anteriores, así como la evaluación comparativa del instrumento para la coordinación y mejora de la calidad docente y por otro lado la difusión de los hallazgos que la red ha hecho. En la presente memoria se recoge la caracterización y principales resultados del estudio “Análisis de la integración de la evaluación por competencias en las titulaciones de grado adaptadas al EEES” (Res. EA2010-0199). El estudio desarrollado por la Red contó con la colaboración de profesores e investigadores de diez universidades españolas. El análisis de los resultados obtenidos a partir de la aplicación del M.E.C.U. (Modelo de Evaluación de la integración de la formación por Competencias en la Universidad, García-SanPedro, 2010) y de otros instrumentos se describe en esta memoria en Trabajo Social.</subfield>
   </datafield>
   <datafield ind1="8" ind2=" " tag="024">
      <subfield code="a">978-84-695-6638-1</subfield>
   </datafield>
   <datafield ind1="8" ind2=" " tag="024">
      <subfield code="a">https://hdl.handle.net/20.500.14352/45665</subfield>
   </datafield>
   <datafield ind1="8" ind2=" " tag="024">
      <subfield code="a">https://web.ua.es/es/ice/redes/ediciones-ice.html</subfield>
   </datafield>
   <datafield ind2="0" ind1="0" tag="245">
      <subfield code="a">Evaluación y participación en el proceso de enseñanza-aprendizaje</subfield>
   </datafield>
</record></metadata></record></GetRecord></OAI-PMH>